[Event "DEM U16 2017"]
[Site "Willingen GER"]
[Date "2017.06.06"]
[Round "5"]
[White "Savchenko, Daniel"]
[Black "Poghosyan, Tigran"]
[Result "1-0"]
[Termination "normal"]
[Board "9"]
[WhiteElo "2037"]
[BlackElo "2207"]
[WhiteClock "00:13:39"]
[BlackClock "00:14:32"]
[PlyCount "59"]
[WhiteFideId "12919195"]
[BlackFideId "12909319"]
[EventCountry "GER"]
[EventRounds "9"]
[EventType "swiss"]
[EventDate "2017.06.03"]

1. e4 {[%clk 1:30:57]} 1... c5 {[%clk 1:30:52]} 2. Nf3 {[%clk 1:31:21]} 2... d6
{[%clk 1:31:18]} 3. d4 {[%clk 1:31:47]} 3... cxd4 {[%clk 1:31:42]} 4. Nxd4 {
[%clk 1:32:13]} 4... Nf6 {[%clk 1:32:04]} 5. Nc3 {[%clk 1:32:38]} 5... a6 {
[%clk 1:32:28]} 6. Bg5 {[%clk 1:33:03]} 6... Nbd7 {[%clk 1:32:50]} 7. Qd2 {
[%clk 1:33:24]} 7... e6 {[%clk 1:31:16]} 8. f3 {[%clk 1:33:46]} 8... Be7 {
[%clk 1:31:34]} 9. O-O-O {[%clk 1:34:04]} 9... O-O {[%clk 1:27:36]} 10. Kb1 {
[%clk 1:34:25]} 10... Qc7 {[%clk 1:27:19]} 11. h4 {[%clk 1:34:07]} 11... Ne5 {
[%clk 1:24:20]} 12. g4 {[%clk 1:32:45]} 12... b5 {[%clk 1:22:41]} 13. Bxf6 {
[%clk 1:27:29]} 13... Bxf6 {[%clk 1:22:54]} 14. g5 {[%clk 1:27:42]} 14... Be7 {
[%clk 1:23:19]} 15. h5 {[%clk 1:27:13]} 15... Rd8 {[%clk 1:13:27]} 16. f4 {
[%clk 1:18:25]} 16... Nc6 {[%clk 1:06:59]} 17. Nce2 {[%clk 1:09:31]} 17... Na5
{[%clk 0:59:27]} 18. Ng3 {[%clk 1:02:45]} 18... Nc4 {[%clk 0:53:16]} 19. Bxc4 {
[%clk 0:55:44]} 19... Qxc4 {[%clk 0:53:28]} 20. f5 {[%clk 0:38:52]} 20... e5 {
[%clk 0:46:09]} 21. f6 {[%clk 0:30:43]} 21... Qxd4 {[%clk 0:41:30]} 22. fxe7 {
[%clk 0:30:36]} 22... Re8 {[%clk 0:41:41]} 23. Qa5 {[%clk 0:24:09]} 23... Qa7 {
[%clk 0:36:34]} 24. Nf5 {[%clk 0:18:24]} 24... Bxf5 {[%clk 0:33:38]} 25. exf5 {
[%clk 0:18:33]} 25... Qxe7 {[%clk 0:34:07]} 26. g6 {[%clk 0:17:46]} 26... Red8
{[%clk 0:23:47]} 27. f6 {[%clk 0:14:35]} 27... Qxf6 {[%clk 0:18:03]} 28. Rdf1 {
[%clk 0:14:51]} 28... Qe6 {[%clk 0:16:01]} 29. gxf7+ {[%clk 0:13:49]} 29... Kh8
{[%clk 0:14:32]} 30. Qxd8+ {[%clk 0:13:39]} 1-0

[Event "DEM U16 2017"]
[Site "Willingen GER"]
[Date "2017.06.06"]
[Round "5"]
[White "Roseneck, Jonas"]
[Black "Weber, Samuel"]
[Result "1-0"]
[Termination "normal"]
[Board "10"]
[WhiteElo "2173"]
[BlackElo "2039"]
[WhiteClock "00:53:40"]
[BlackClock "00:01:51"]
[PlyCount "143"]
[WhiteFideId "12939870"]
[BlackFideId "12924008"]
[EventCountry "GER"]
[EventRounds "9"]
[EventType "swiss"]
[EventDate "2017.06.03"]

1. e4 {[%clk 1:30:56]} 1... e5 {[%clk 1:30:51]} 2. Nf3 {[%clk 1:31:20]} 2...
Nc6 {[%clk 1:31:13]} 3. Bb5 {[%clk 1:31:45]} 3... a6 {[%clk 1:31:31]} 4. Ba4 {
[%clk 1:32:10]} 4... Nf6 {[%clk 1:31:49]} 5. O-O {[%clk 1:32:35]} 5... Be7 {
[%clk 1:32:13]} 6. Re1 {[%clk 1:33:03]} 6... b5 {[%clk 1:32:34]} 7. Bb3 { [%clk
1:33:30]} 7... d6 {[%clk 1:32:50]} 8. c3 {[%clk 1:33:56]} 8... O-O { [%clk
1:33:14]} 9. h3 {[%clk 1:34:25]} 9... Nb8 {[%clk 1:33:03]} 10. d4 { [%clk
1:34:49]} 10... Nbd7 {[%clk 1:33:28]} 11. Nbd2 {[%clk 1:35:14]} 11... Bb7
{[%clk 1:33:53]} 12. Bc2 {[%clk 1:35:41]} 12... Re8 {[%clk 1:34:15]} 13. Nf1 {
[%clk 1:36:07]} 13... Bf8 {[%clk 1:34:39]} 14. Ng3 {[%clk 1:36:34]} 14... g6 {
[%clk 1:35:03]} 15. a4 {[%clk 1:37:01]} 15... c5 {[%clk 1:35:26]} 16. d5 {
[%clk 1:37:28]} 16... c4 {[%clk 1:35:52]} 17. Bg5 {[%clk 1:37:10]} 17... Nc5 {
[%clk 1:32:59]} 18. Qd2 {[%clk 1:36:38]} 18... Be7 {[%clk 1:33:11]} 19. Bh6 {
[%clk 1:32:57]} 19... Nfd7 {[%clk 1:31:08]} 20. Nh2 {[%clk 1:32:36]} 20... Nxa4
{[%clk 1:30:58]} 21. Bxa4 {[%clk 1:31:55]} 21... bxa4 {[%clk 1:31:24]} 22. Be3
{[%clk 1:32:10]} 22... a5 {[%clk 1:31:36]} 23. Rxa4 {[%clk 1:32:30]} 23... Ba6
{[%clk 1:31:37]} 24. Ra3 {[%clk 1:30:56]} 24... Bb5 {[%clk 1:26:52]} 25. Rf1 {
[%clk 1:27:53]} 25... Bh4 {[%clk 1:15:56]} 26. Ne2 {[%clk 1:25:49]} 26... f5 {
[%clk 0:50:48]} 27. exf5 {[%clk 1:23:43]} 27... gxf5 {[%clk 0:49:55]} 28. f4 {
[%clk 1:24:09]} 28... Qe7 {[%clk 0:40:33]} 29. fxe5 {[%clk 1:11:10]} 29... Qxe5
{[%clk 0:36:36]} 30. Nd4 {[%clk 1:08:53]} 30... Qxe3+ {[%clk 0:31:36]} 31. Qxe3
{[%clk 1:09:19]} 31... Rxe3 {[%clk 0:32:03]} 32. Nxb5 {[%clk 1:09:42]} 32...
Re2 {[%clk 0:31:34]} 33. Ra2 {[%clk 1:04:48]} 33... Kh8 {[%clk 0:11:04]} 34.
Nf3 {[%clk 1:04:05]} 34... Bf6 {[%clk 0:09:30]} 35. Nbd4 {[%clk 1:01:34]} 35...
Re4 {[%clk 0:04:06]} 36. Nxf5 {[%clk 1:01:15]} 36... Be5 {[%clk 0:03:02]} 37.
Ng5 {[%clk 0:58:26]} 37... Re2 {[%clk 0:02:52]} 38. Nf7+ {[%clk 0:58:50]} 38...
Kg8 {[%clk 0:03:16]} 39. N7xd6 {[%clk 0:59:12]} 39... Bxc3 {[%clk 0:01:54]} 40.
Nxc4 {[%clk 0:58:25]} 40... Bb4 {[%clk 0:01:36]} 41. Raa1 {[%clk 0:52:54]}
41... Rc8 {[%clk 0:29:20]} 42. b3 {[%clk 1:22:31]} 42... Rc5 {[%clk 0:29:12]}
43. d6 {[%clk 1:21:27]} 43... h5 {[%clk 0:27:28]} 44. Rf4 {[%clk 1:17:07]}
44... Bc3 {[%clk 0:25:02]} 45. Raf1 {[%clk 1:16:05]} 45... Rb5 {[%clk 0:21:28]}
46. R4f3 {[%clk 1:12:50]} 46... Bf6 {[%clk 0:18:03]} 47. Ng3 {[%clk 1:08:21]}
47... Re6 {[%clk 0:16:55]} 48. Nf5 {[%clk 1:04:42]} 48... Rc5 {[%clk 0:16:06]}
49. Re3 {[%clk 0:58:57]} 49... Rxe3 {[%clk 0:16:14]} 50. Nfxe3 {[%clk 0:59:25]}
50... Bd4 {[%clk 0:16:19]} 51. Kh2 {[%clk 0:55:30]} 51... Bxe3 {[%clk 0:13:18]}
52. Nxe3 {[%clk 0:55:59]} 52... Rc3 {[%clk 0:13:40]} 53. Nc4 {[%clk 0:55:46]}
53... a4 {[%clk 0:13:05]} 54. Na5 {[%clk 0:50:08]} 54... axb3 {[%clk 0:12:49]}
55. Rb1 {[%clk 0:50:30]} 55... Rd3 {[%clk 0:10:31]} 56. Rxb3 {[%clk 0:50:41]}
56... Rxd6 {[%clk 0:10:23]} 57. Rb5 {[%clk 0:50:14]} 57... Nf6 {[%clk 0:10:19]}
58. Nc4 {[%clk 0:50:41]} 58... Rc6 {[%clk 0:08:32]} 59. Ne5 {[%clk 0:51:05]}
59... Rc3 {[%clk 0:06:58]} 60. Ng6 {[%clk 0:50:40]} 60... Kg7 {[%clk 0:06:26]}
61. Nf4 {[%clk 0:50:10]} 61... Kh6 {[%clk 0:03:04]} 62. Rb6 {[%clk 0:50:32]}
62... Rc4 {[%clk 0:01:05]} 63. Rxf6+ {[%clk 0:50:59]} 63... Kg5 {[%clk 0:01:28]
} 64. Nd5 {[%clk 0:51:12]} 64... Rd4 {[%clk 0:01:38]} 65. Rd6 {[%clk 0:51:35]}
65... h4 {[%clk 0:01:55]} 66. Rd7 {[%clk 0:51:36]} 66... Rd3 {[%clk 0:01:32]}
67. Nf6 {[%clk 0:51:47]} 67... Re3 {[%clk 0:01:31]} 68. Ng4 {[%clk 0:51:51]}
68... Re1 {[%clk 0:01:43]} 69. Rd5+ {[%clk 0:52:17]} 69... Kg6 {[%clk 0:01:56]}
70. Ne5+ {[%clk 0:52:45]} 70... Kf6 {[%clk 0:01:25]} 71. Nf3 {[%clk 0:53:12]}
71... Re4 {[%clk 0:01:51]} 72. Rd4 {[%clk 0:53:40]} 1-0

[Event "DEM U16 2017"]
[Site "Willingen GER"]
[Date "2017.06.06"]
[Round "5"]
[White "Woithe, Daniel"]
[Black "Heldt, Nils-Lennart"]
[Result "0-1"]
[Termination "normal"]
[Board "11"]
[WhiteElo "1745"]
[BlackElo "2135"]
[WhiteClock "00:12:25"]
[BlackClock "01:03:22"]
[PlyCount "46"]
[WhiteFideId "16244648"]
[BlackFideId "12952109"]
[EventCountry "GER"]
[EventRounds "9"]
[EventType "swiss"]
[EventDate "2017.06.03"]

1. e4 {[%clk 1:30:59]} 1... e5 {[%clk 1:30:51]} 2. Nf3 {[%clk 1:31:25]} 2...
Nc6 {[%clk 1:31:17]} 3. Bb5 {[%clk 1:31:49]} 3... a6 {[%clk 1:31:41]} 4. Ba4 {
[%clk 1:32:13]} 4... Nf6 {[%clk 1:31:56]} 5. O-O {[%clk 1:32:24]} 5... Be7 {
[%clk 1:31:16]} 6. Re1 {[%clk 1:32:47]} 6... b5 {[%clk 1:31:28]} 7. Bb3 { [%clk
1:33:13]} 7... O-O {[%clk 1:31:49]} 8. a4 {[%clk 1:33:11]} 8... b4 { [%clk
1:31:10]} 9. d4 {[%clk 1:32:28]} 9... exd4 {[%clk 1:29:33]} 10. e5 { [%clk
1:26:47]} 10... Ne8 {[%clk 1:29:27]} 11. Nxd4 {[%clk 1:17:47]} 11... Nxd4
{[%clk 1:26:21]} 12. Qxd4 {[%clk 1:18:11]} 12... d6 {[%clk 1:21:25]} 13. Be3 {
[%clk 1:00:32]} 13... Rb8 {[%clk 1:17:46]} 14. f4 {[%clk 0:52:43]} 14... Bb7 {
[%clk 1:15:29]} 15. Rd1 {[%clk 0:39:27]} 15... Qc8 {[%clk 1:14:20]} 16. h3 {
[%clk 0:29:50]} 16... c5 {[%clk 1:10:35]} 17. Qd3 {[%clk 0:29:24]} 17... dxe5 {
[%clk 1:09:50]} 18. fxe5 {[%clk 0:22:30]} 18... Qc7 {[%clk 1:08:49]} 19. Qf5 {
[%clk 0:21:06]} 19... g6 {[%clk 1:07:13]} 20. Qf4 {[%clk 0:21:28]} 20... Rc8 {
[%clk 1:04:01]} 21. Nd2 {[%clk 0:20:35]} 21... Ng7 {[%clk 1:03:31]} 22. Ne4 {
[%clk 0:20:00]} 22... Nh5 {[%clk 1:03:12]} 23. Nf6+ {[%clk 0:12:25]} 23... Bxf6
{[%clk 1:03:22]} 0-1

[Event "DEM U16 2017"]
[Site "Willingen GER"]
[Date "2017.06.06"]
[Round "5"]
[White "Junker, Magnus"]
[Black "Köllner, Aaron Noah"]
[Result "1-0"]
[Termination "normal"]
[Board "12"]
[WhiteElo "1983"]
[BlackElo "1967"]
[WhiteClock "00:45:28"]
[BlackClock "00:33:33"]
[PlyCount "63"]
[WhiteFideId "16218507"]
[BlackFideId "12993085"]
[EventCountry "GER"]
[EventRounds "9"]
[EventType "swiss"]
[EventDate "2017.06.03"]

1. e4 {[%clk 1:30:57]} 1... c5 {[%clk 1:30:54]} 2. Nf3 {[%clk 1:31:24]} 2... e6
{[%clk 1:31:01]} 3. d4 {[%clk 1:31:49]} 3... cxd4 {[%clk 1:31:26]} 4. Nxd4 {
[%clk 1:32:13]} 4... Nc6 {[%clk 1:31:53]} 5. Nc3 {[%clk 1:32:18]} 5... Qc7 {
[%clk 1:32:19]} 6. g3 {[%clk 1:32:39]} 6... a6 {[%clk 1:32:10]} 7. Bg2 { [%clk
1:33:02]} 7... h5 {[%clk 1:29:41]} 8. Be3 {[%clk 1:32:10]} 8... h4 { [%clk
1:28:37]} 9. Qe2 {[%clk 1:27:30]} 9... Nf6 {[%clk 1:26:42]} 10. O-O-O { [%clk
1:24:35]} 10... h3 {[%clk 1:24:38]} 11. Bf1 {[%clk 1:22:30]} 11... b5 { [%clk
1:23:33]} 12. Nd5 {[%clk 1:09:01]} 12... exd5 {[%clk 1:04:53]} 13. exd5 { [%clk
1:09:23]} 13... Ne5 {[%clk 1:05:18]} 14. d6 {[%clk 1:09:26]} 14... Qc4 { [%clk
1:02:16]} 15. Qe1 {[%clk 1:05:02]} 15... Qxa2 {[%clk 0:57:39]} 16. Bf4 { [%clk
1:02:32]} 16... Qa1+ {[%clk 0:56:06]} 17. Kd2 {[%clk 1:02:56]} 17... Qa5+
{[%clk 0:56:28]} 18. c3 {[%clk 1:03:12]} 18... Bxd6 {[%clk 0:54:25]} 19. Bxe5 {
[%clk 1:02:34]} 19... Bxe5 {[%clk 0:54:44]} 20. Qxe5+ {[%clk 1:02:45]} 20...
Kf8 {[%clk 0:53:33]} 21. Qd6+ {[%clk 1:01:20]} 21... Kg8 {[%clk 0:53:18]} 22.
Bd3 {[%clk 1:01:33]} 22... Bb7 {[%clk 0:50:30]} 23. Nf5 {[%clk 1:00:31]} 23...
Rh5 {[%clk 0:46:24]} 24. g4 {[%clk 0:55:49]} 24... Rg5 {[%clk 0:43:06]} 25. f4
{[%clk 0:54:02]} 25... Rxg4 {[%clk 0:43:19]} 26. Rhg1 {[%clk 0:53:55]} 26...
Qa2 {[%clk 0:41:01]} 27. Qxf6 {[%clk 0:46:23]} 27... Qxb2+ {[%clk 0:39:51]} 28.
Bc2 {[%clk 0:46:29]} 28... gxf6 {[%clk 0:39:48]} 29. Rxg4+ {[%clk 0:46:49]}
29... Kf8 {[%clk 0:38:07]} 30. Rh4 {[%clk 0:44:51]} 30... Kg8 {[%clk 0:34:05]}
31. Rg1+ {[%clk 0:45:04]} 31... Bg2 {[%clk 0:33:33]} 32. Rxh3 {[%clk 0:45:28]}
1-0

[Event "DEM U16 2017"]
[Site "Willingen GER"]
[Date "2017.06.06"]
[Round "5"]
[White "Lange, Jannis"]
[Black "Nöldner, Julian"]
[Result "0-1"]
[Termination "normal"]
[Board "13"]
[WhiteElo "1843"]
[BlackElo "1883"]
[WhiteClock "00:02:37"]
[BlackClock "00:19:13"]
[PlyCount "160"]
[WhiteFideId "12993107"]
[BlackFideId "16218744"]
[EventCountry "GER"]
[EventRounds "9"]
[EventType "swiss"]
[EventDate "2017.06.03"]

1. e4 {[%clk 1:30:54]} 1... e5 {[%clk 1:30:33]} 2. Nf3 {[%clk 1:31:15]} 2...
Nc6 {[%clk 1:30:57]} 3. Bb5 {[%clk 1:31:11]} 3... Nf6 {[%clk 1:31:09]} 4. O-O {
[%clk 1:31:22]} 4... Nxe4 {[%clk 1:31:20]} 5. Re1 {[%clk 1:31:41]} 5... Nd6 {
[%clk 1:31:41]} 6. Nxe5 {[%clk 1:32:02]} 6... Be7 {[%clk 1:31:18]} 7. Bf1 {
[%clk 1:30:15]} 7... Nxe5 {[%clk 1:30:56]} 8. Rxe5 {[%clk 1:30:35]} 8... O-O {
[%clk 1:31:01]} 9. Nc3 {[%clk 1:30:39]} 9... Ne8 {[%clk 1:31:12]} 10. Nd5 {
[%clk 1:30:13]} 10... Bd6 {[%clk 1:31:32]} 11. Re2 {[%clk 1:30:20]} 11... c6 {
[%clk 1:28:11]} 12. Ne3 {[%clk 1:30:36]} 12... Bc7 {[%clk 1:27:34]} 13. Nf5 {
[%clk 1:30:14]} 13... d5 {[%clk 1:27:51]} 14. Ne7+ {[%clk 1:30:06]} 14... Kh8 {
[%clk 1:28:16]} 15. Nxc8 {[%clk 1:30:31]} 15... Rxc8 {[%clk 1:28:42]} 16. d3 {
[%clk 1:30:03]} 16... Nf6 {[%clk 1:15:07]} 17. h3 {[%clk 1:18:47]} 17... Qd6 {
[%clk 1:15:02]} 18. g3 {[%clk 1:18:30]} 18... Rfe8 {[%clk 1:13:50]} 19. c3 {
[%clk 1:14:37]} 19... Rxe2 {[%clk 1:13:39]} 20. Qxe2 {[%clk 1:11:22]} 20... Re8
{[%clk 1:12:18]} 21. Qd1 {[%clk 1:11:35]} 21... Bb6 {[%clk 1:08:42]} 22. Bf4 {
[%clk 1:10:19]} 22... Qc5 {[%clk 1:06:59]} 23. Qf3 {[%clk 0:52:34]} 23... Qe7 {
[%clk 0:52:42]} 24. Rd1 {[%clk 0:47:31]} 24... Kg8 {[%clk 0:36:33]} 25. Rd2 {
[%clk 0:43:44]} 25... Qd7 {[%clk 0:36:49]} 26. Re2 {[%clk 0:38:38]} 26... Rxe2
{[%clk 0:37:08]} 27. Qxe2 {[%clk 0:38:55]} 27... Qe6 {[%clk 0:37:23]} 28. Qxe6
{[%clk 0:38:18]} 28... fxe6 {[%clk 0:37:49]} 29. Be2 {[%clk 0:38:37]} 29... Kf7
{[%clk 0:38:03]} 30. Kg2 {[%clk 0:32:34]} 30... Nd7 {[%clk 0:36:11]} 31. Bd2 {
[%clk 0:27:39]} 31... Kf6 {[%clk 0:35:10]} 32. f4 {[%clk 0:23:18]} 32... g6 {
[%clk 0:29:35]} 33. Kf1 {[%clk 0:17:15]} 33... h5 {[%clk 0:29:21]} 34. b3 {
[%clk 0:12:20]} 34... Kf7 {[%clk 0:24:48]} 35. Bf3 {[%clk 0:11:01]} 35... Nf6 {
[%clk 0:24:41]} 36. Ke2 {[%clk 0:10:17]} 36... Ne8 {[%clk 0:24:25]} 37. Be1 {
[%clk 0:05:23]} 37... Nd6 {[%clk 0:22:55]} 38. g4 {[%clk 0:05:07]} 38... hxg4 {
[%clk 0:23:17]} 39. hxg4 {[%clk 0:05:33]} 39... Kf6 {[%clk 0:22:48]} 40. Bh4+ {
[%clk 0:04:23]} 40... Kf7 {[%clk 0:23:09]} 41. Be1 {[%clk 0:04:50]} 41... Kf6 {
[%clk 0:18:50]} 42. Bd2 {[%clk 0:02:07]} 42... Nf7 {[%clk 0:12:03]} 43. d4 {
[%clk 0:15:08]} 43... Nd6 {[%clk 0:26:29]} 44. Be3 {[%clk 0:12:16]} 44... Bc7 {
[%clk 0:25:44]} 45. Kd3 {[%clk 0:11:53]} 45... b5 {[%clk 0:26:04]} 46. b4 {
[%clk 0:09:09]} 46... a5 {[%clk 0:25:04]} 47. Bc1 {[%clk 0:05:00]} 47... Nf7 {
[%clk 0:23:30]} 48. Be2 {[%clk 0:04:18]} 48... Bd8 {[%clk 0:21:28]} 49. Bf1 {
[%clk 0:02:41]} 49... axb4 {[%clk 0:21:19]} 50. cxb4 {[%clk 0:03:02]} 50... Be7
{[%clk 0:21:46]} 51. g5+ {[%clk 0:02:14]} 51... Kg7 {[%clk 0:22:09]} 52. Bd2 {
[%clk 0:02:39]} 52... Nd6 {[%clk 0:22:29]} 53. Bh3 {[%clk 0:01:53]} 53... Kf7 {
[%clk 0:22:33]} 54. a3 {[%clk 0:01:27]} 54... Nc4 {[%clk 0:22:45]} 55. Bc1 {
[%clk 0:01:51]} 55... Bd6 {[%clk 0:23:11]} 56. Bg4 {[%clk 0:01:59]} 56... Ke7 {
[%clk 0:22:57]} 57. Bd1 {[%clk 0:02:14]} 57... Nxa3 {[%clk 0:18:48]} 58. Bxa3 {
[%clk 0:01:54]} 58... Bxf4 {[%clk 0:19:17]} 59. Bb2 {[%clk 0:01:56]} 59... Bxg5
{[%clk 0:19:06]} 60. Bg4 {[%clk 0:01:52]} 60... Kd6 {[%clk 0:19:03]} 61. Bc3 {
[%clk 0:01:12]} 61... Bf4 {[%clk 0:18:50]} 62. Bh3 {[%clk 0:01:00]} 62... g5 {
[%clk 0:18:30]} 63. Bg4 {[%clk 0:01:10]} 63... e5 {[%clk 0:18:46]} 64. dxe5+ {
[%clk 0:01:18]} 64... Bxe5 {[%clk 0:19:01]} 65. Bd2 {[%clk 0:01:36]} 65... Bf4
{[%clk 0:19:04]} 66. Bc3 {[%clk 0:01:49]} 66... c5 {[%clk 0:19:18]} 67. bxc5+ {
[%clk 0:02:04]} 67... Kxc5 {[%clk 0:19:44]} 68. Bd4+ {[%clk 0:02:29]} 68... Kd6
{[%clk 0:19:17]} 69. Kc3 {[%clk 0:02:17]} 69... Be5 {[%clk 0:19:24]} 70. Bxe5+
{[%clk 0:02:35]} 70... Kxe5 {[%clk 0:19:47]} 71. Kb4 {[%clk 0:03:03]} 71... Kf4
{[%clk 0:19:34]} 72. Bd1 {[%clk 0:02:42]} 72... g4 {[%clk 0:19:23]} 73. Bb3 {
[%clk 0:00:51]} 73... d4 {[%clk 0:17:21]} 74. Kxb5 {[%clk 0:00:47]} 74... g3 {
[%clk 0:17:26]} 75. Kc4 {[%clk 0:01:10]} 75... g2 {[%clk 0:17:48]} 76. Kxd4 {
[%clk 0:01:31]} 76... g1=Q+ {[%clk 0:18:12]} 77. Kc3 {[%clk 0:01:42]} 77...
Qc5+ {[%clk 0:18:30]} 78. Kd3 {[%clk 0:01:58]} 78... Qe3+ {[%clk 0:18:41]} 79.
Kc4 {[%clk 0:02:23]} 79... Ke5 {[%clk 0:19:04]} 80. Bc2 {[%clk 0:02:37]} 80...
Qd4+ {[%clk 0:19:13]} 0-1

[Event "DEM U16 2017"]
[Site "Willingen GER"]
[Date "2017.06.06"]
[Round "5"]
[White "Recktenwald, Cedric"]
[Black "Keyser, Robin"]
[Result "0-1"]
[Termination "normal"]
[Board "14"]
[WhiteElo "1788"]
[BlackElo "1883"]
[WhiteClock "00:07:34"]
[BlackClock "00:39:17"]
[PlyCount "72"]
[WhiteFideId "12971928"]
[BlackFideId "12986429"]
[EventCountry "GER"]
[EventRounds "9"]
[EventType "swiss"]
[EventDate "2017.06.03"]

1. e4 {[%clk 1:30:58]} 1... g6 {[%clk 1:30:48]} 2. d4 {[%clk 1:30:50]} 2... Bg7
{[%clk 1:31:09]} 3. Nc3 {[%clk 1:26:29]} 3... d6 {[%clk 1:30:09]} 4. f4 { [%clk
1:26:18]} 4... a6 {[%clk 1:29:58]} 5. Be3 {[%clk 1:22:39]} 5... Nd7 { [%clk
1:29:20]} 6. Nf3 {[%clk 1:22:07]} 6... b5 {[%clk 1:29:11]} 7. d5 { [%clk
1:11:28]} 7... Bb7 {[%clk 1:26:32]} 8. Bd4 8... Ngf6 {[%clk 1:22:06]} 9. e5
{[%clk 1:00:55]} 9... Nh5 {[%clk 1:09:49]} 10. e6 {[%clk 0:54:59]} 10... fxe6
{[%clk 1:08:03]} 11. Ng5 {[%clk 0:45:46]} 11... Bxd4 {[%clk 1:04:09]} 12. Qxd4
{[%clk 0:39:58]} 12... e5 {[%clk 1:04:31]} 13. fxe5 {[%clk 0:39:56]} 13... Nxe5
{[%clk 1:01:36]} 14. Nxb5 {[%clk 0:31:39]} 14... axb5 {[%clk 1:01:19]} 15.
Bxb5+ {[%clk 0:31:24]} 15... c6 {[%clk 1:00:29]} 16. dxc6 {[%clk 0:20:34]}
16... Qa5+ {[%clk 0:59:44]} 17. b4 {[%clk 0:19:49]} 17... Qxb5 {[%clk 1:00:02]}
18. cxb7 {[%clk 0:20:05]} 18... Qxb7 {[%clk 1:00:25]} 19. O-O {[%clk 0:19:52]}
19... Qa7 {[%clk 1:00:19]} 20. c3 {[%clk 0:18:24]} 20... Qxd4+ {[%clk 1:00:01]}
21. cxd4 {[%clk 0:18:54]} 21... Nc6 {[%clk 1:00:01]} 22. b5 {[%clk 0:15:17]}
22... Nxd4 {[%clk 1:00:19]} 23. a4 {[%clk 0:14:23]} 23... Kd7 {[%clk 0:57:45]}
24. Rfd1 {[%clk 0:13:30]} 24... Ne6 {[%clk 0:57:21]} 25. Nf7 {[%clk 0:13:25]}
25... Rhb8 {[%clk 0:56:09]} 26. Ne5+ {[%clk 0:12:34]} 26... Ke8 {[%clk 0:56:18]
} 27. Nc6 {[%clk 0:12:15]} 27... Rb7 {[%clk 0:56:18]} 28. Rdb1 {[%clk 0:12:15]}
28... Nd8 {[%clk 0:55:05]} 29. Nb4 {[%clk 0:08:27]} 29... Nf4 {[%clk 0:54:45]}
30. Kf2 {[%clk 0:08:04]} 30... Nfe6 {[%clk 0:52:29]} 31. Nd5 {[%clk 0:08:23]}
31... Nc7 {[%clk 0:44:30]} 32. Nc3 {[%clk 0:08:35]} 32... Ra5 {[%clk 0:44:20]}
33. Ke3 {[%clk 0:07:25]} 33... Nde6 {[%clk 0:44:04]} 34. Kd3 {[%clk 0:07:24]}
34... d5 {[%clk 0:41:04]} 35. Kc2 {[%clk 0:07:21]} 35... Nc5 {[%clk 0:39:17]}
36. Kb2 {[%clk 0:07:34]} 36... d4 0-1

[Event "DEM U16 2017"]
[Site "Willingen GER"]
[Date "2017.06.08"]
[Round "7"]
[White "Buckels, Valentin"]
[Black "Rieß, Alexander"]
[Result "0-1"]
[Termination "normal"]
[Board "1"]
[WhiteTitle "FM"]
[BlackTitle "FM"]
[WhiteElo "2325"]
[BlackElo "2224"]
[WhiteClock "00:02:24"]
[BlackClock "00:12:01"]
[PlyCount "70"]
[WhiteFideId "12942766"]
[BlackFideId "12953326"]
[EventCountry "GER"]
[EventRounds "9"]
[EventType "swiss"]
[EventDate "2017.06.03"]

1. d4 {[%clk 1:30:57]} 1... Nf6 {[%clk 1:30:47]} 2. c4 {[%clk 1:31:24]} 2... g6
{[%clk 1:30:54]} 3. Nf3 {[%clk 1:31:50]} 3... Bg7 {[%clk 1:30:54]} 4. g3 {
[%clk 1:32:16]} 4... d5 {[%clk 1:31:10]} 5. cxd5 {[%clk 1:32:42]} 5... Nxd5 {
[%clk 1:31:30]} 6. Bg2 {[%clk 1:33:09]} 6... Nb6 {[%clk 1:31:40]} 7. Nc3 {
[%clk 1:33:26]} 7... Nc6 {[%clk 1:32:00]} 8. e3 {[%clk 1:33:52]} 8... O-O {
[%clk 1:32:18]} 9. O-O {[%clk 1:34:19]} 9... Re8 {[%clk 1:32:39]} 10. h3 {
[%clk 1:34:44]} 10... e5 {[%clk 1:32:19]} 11. d5 {[%clk 1:35:09]} 11... Na5 {
[%clk 1:32:28]} 12. e4 {[%clk 1:35:19]} 12... c6 {[%clk 1:32:04]} 13. dxc6 {
[%clk 1:31:19]} 13... Nxc6 {[%clk 1:32:14]} 14. Nb5 {[%clk 1:30:33]} 14... Be6
{[%clk 1:32:19]} 15. b3 {[%clk 1:30:42]} 15... Qb8 {[%clk 1:18:19]} 16. Be3 {
[%clk 1:23:05]} 16... a6 {[%clk 1:06:54]} 17. Bxb6 {[%clk 1:16:25]} 17... axb5
{[%clk 1:07:16]} 18. Ng5 {[%clk 1:15:54]} 18... b4 {[%clk 0:53:01]} 19. Qd3 {
[%clk 1:00:20]} 19... Ra6 {[%clk 0:47:08]} 20. Nxe6 {[%clk 0:58:43]} 20... Rxb6
{[%clk 0:44:44]} 21. Nxg7 {[%clk 0:57:46]} 21... Kxg7 {[%clk 0:44:56]} 22. f4 {
[%clk 0:55:44]} 22... Nd4 {[%clk 0:39:57]} 23. Rf2 {[%clk 0:51:37]} 23... Rc6 {
[%clk 0:37:07]} 24. Raf1 {[%clk 0:47:48]} 24... f6 {[%clk 0:36:48]} 25. Qd2 {
[%clk 0:43:59]} 25... Rb6 {[%clk 0:31:34]} 26. Qe3 {[%clk 0:33:02]} 26... Rc8 {
[%clk 0:30:01]} 27. g4 {[%clk 0:29:34]} 27... Rc3 {[%clk 0:28:32]} 28. Qd2 {
[%clk 0:28:43]} 28... Rd6 {[%clk 0:28:02]} 29. Qe1 {[%clk 0:26:50]} 29... exf4
{[%clk 0:22:53]} 30. e5 {[%clk 0:20:12]} 30... Re3 {[%clk 0:20:21]} 31. exf6+ {
[%clk 0:08:35]} 31... Rxf6 {[%clk 0:20:11]} 32. Qa1 {[%clk 0:07:09]} 32... Qe5
{[%clk 0:18:41]} 33. g5 {[%clk 0:05:48]} 33... Rf7 {[%clk 0:13:06]} 34. Rd2 {
[%clk 0:04:20]} 34... Ne2+ {[%clk 0:12:20]} 35. Kf2 {[%clk 0:02:24]} 35... Nc3
{[%clk 0:12:01]} 0-1